ბათუმის შოთა რუსთაველის სახელმწიფო უნივერსიტეტის ბიბლიოთეკა

Stats Means Business / (ბიბ.ჩანაწერი № 41115)

000 -LEADER
fixed length control field 00991nam a2200313Ia 4500
001 - CONTROL NUMBER
control field 7765
003 - CONTROL NUMBER IDENTIFIER
control field GE_BSU
005 - DATE AND TIME OF LATEST TRANSACTION
control field 20221114163018.0
008 - FIXED-LENGTH DATA ELEMENTS--GENERAL INFORMATION
fixed length control field 181216s2010||||enk|||||||||||||| ||eng||
020 ## - INTERNATIONAL STANDARD BOOK NUMBER
International Standard Book Number 9781856179478x
040 ## - CATALOGING SOURCE
Transcribing agency GE_BSU
080 ## - UNIVERSAL DECIMAL CLASSIFICATION NUMBER
Universal Decimal Classification number 338.22 B-92
100 ## - MAIN ENTRY--PERSONAL NAME
Personal name Buglear, John
9 (RLIN) 12930
245 ## - TITLE STATEMENT
Title Stats Means Business /
Statement of responsibility, etc. John Buglear.
250 ## - EDITION STATEMENT
Edition statement 2nd edition.
264 ## - PRODUCTION, PUBLICATION, DISTRIBUTION, MANUFACTURE, AND COPYRIGHT NOTICE
Place of production, publication, distribution, manufacture London And New York :
Name of producer, publisher, distributor, manufacturer Routledge,
Date of production, publication, distribution, manufacture, or copyright notice 2010.
300 ## - PHYSICAL DESCRIPTION
Extent 347 p. ;
Other physical details ill,
Dimensions 25 cm.
653 ## - INDEX TERM--UNCONTROLLED
keyword Business & Economics › Industries › Hospitality, Travel & Tourism
653 ## - INDEX TERM--UNCONTROLLED
keyword Stats Means Business
653 ## - INDEX TERM--UNCONTROLLED
keyword ბიზნესი
653 ## - INDEX TERM--UNCONTROLLED
keyword ეკონომიკა
653 ## - INDEX TERM--UNCONTROLLED
keyword ტურიზმი
653 ## - INDEX TERM--UNCONTROLLED
keyword სტუმართმოყვარეობა
653 ## - INDEX TERM--UNCONTROLLED
keyword ბიზნესის მართვა
653 ## - INDEX TERM--UNCONTROLLED
keyword ინდუსტრია
653 ## - INDEX TERM--UNCONTROLLED
keyword მოგზაურობა
942 ## - ADDED ENTRY ELEMENTS (KOHA)
Koha item type წიგნი
Source of classification or shelving scheme
ეგზემპლარები
Withdrawn status Lost status Source of classification or shelving scheme Damaged status Not for loan Permanent Location Current Location Shelving location Date acquired Cost, normal purchase price Full call number Barcode Date last seen Copy number Price effective from Koha item type Public note
          ბათუმის შოთა რუსთაველის სახელმწიფო უნივერსიტეტის მთავარი ბიბლიოთეკა ბათუმის შოთა რუსთაველის სახელმწიფო უნივერსიტეტის მთავარი ბიბლიოთეკა წიგნსაცავი 2018-12-17 80.00 338.22 B-92 24151 2018-12-17 24151 2018-12-17 წიგნი 80.00 GEL.
          ბათუმის შოთა რუსთაველის სახელმწიფო უნივერსიტეტის მთავარი ბიბლიოთეკა ბათუმის შოთა რუსთაველის სახელმწიფო უნივერსიტეტის მთავარი ბიბლიოთეკა წიგნსაცავი 2018-12-17 80.00 338.22 B-92 24152 2018-12-17 24152 2018-12-17 წიგნი 80.00 GEL.
          ბათუმის შოთა რუსთაველის სახელმწიფო უნივერსიტეტის მთავარი ბიბლიოთეკა ბათუმის შოთა რუსთაველის სახელმწიფო უნივერსიტეტის მთავარი ბიბლიოთეკა წიგნსაცავი 2018-12-17 105.00 338.22 B-92 55422 2018-12-17 55422 2018-12-17 წიგნი 105.00 GEL.
          ბათუმის შოთა რუსთაველის სახელმწიფო უნივერსიტეტის მთავარი ბიბლიოთეკა ბათუმის შოთა რუსთაველის სახელმწიფო უნივერსიტეტის მთავარი ბიბლიოთეკა წიგნსაცავი 2018-12-17 105.00 338.22 B-92 55421 2018-12-17 55421 2018-12-17 წიგნი 105.00 GEL.
          ბათუმის შოთა რუსთაველის სახელმწიფო უნივერსიტეტის მთავარი ბიბლიოთეკა ბათუმის შოთა რუსთაველის სახელმწიფო უნივერსიტეტის მთავარი ბიბლიოთეკა წიგნსაცავი 2018-12-17 105.00 338.22 B-92 55420 2018-12-17 55420 2018-12-17 წიგნი 105.00 GEL.